Littérature française (chapitres choisis)
Na minha lista:
| Autor principal: | |
|---|---|
| Autor Corporativo: | |
| Outros Autores: | , , |
| Formato: | Livro |
| Idioma: | francês eslovaco |
| Publicado em: |
Bratislava
Vydavateľstvo EKONÓM
2016
|
| Edição: | 1. vyd. |
| Assuntos: | |
| Tags: |
Sem tags, seja o primeiro a adicionar uma tag!
|
MARC
| LEADER | 00000nam a2200000 4500 | ||
|---|---|---|---|
| 001 | 0215892 | ||
| 005 | 20240522141652.9 | ||
| 020 | |a 978-80-225-4233-3 | ||
| 041 | 0 | |a fre | |
| 041 | 0 | |a slo | |
| 044 | |a SK | ||
| 245 | 1 | 0 | |a Littérature française |b (chapitres choisis) |c Štefan Povchanič, Ladislav Lapšanský ; recenzenti: Peter Kopecký, Ľubomír Jančok |
| 250 | |a 1. vyd. | ||
| 264 | 1 | |a Bratislava |b Vydavateľstvo EKONÓM |c 2016 | |
| 300 | |a 172 s. [13,49 AH] | ||
| 610 | 2 | 0 | |a literatúra |
| 610 | 2 | 0 | |a francúzština |
| 100 | 1 | |a Povchanič, Štefan | |
| 700 | 1 | |a Lapšanský, Ladislav | |
| 700 | 1 | |a Kopecký, Peter | |
| 700 | 1 | |a Jančok, Ľubomír | |
| 710 | 2 | |a Ekonomická univerzita v Bratislave. Fakulta aplikovaných jazykov | |